|
000
|
00850nam 2200265 450
|
|
001
|
1006
|
|
005
|
20060828143207.32
|
|
010
|
|
@a7-80171-327-3@dCNY16.00
|
|
100
|
|
@a20060828d2003 km y0chiy0120 ea
|
|
101
|
0
|
@achi
|
|
102
|
|
@aCN@b110000
|
|
105
|
|
@ay z 000yy
|
|
106
|
|
@ar
|
|
200
|
1
|
@a爱上工作的8大法则@Aai shang gong zuo de 8 da fa ze@f颜远慎著
|
|
210
|
|
@a北京@c大众文艺出版社@d2003.09
|
|
215
|
|
@a268页@d21cm
|
|
225
|
2
|
@a经管学苑@Ajing guan xue yuan
|
|
330
|
|
@a本书主要介绍工作方法和工效学,阐述了时间的运用、时间的管理、工作前的准备活动、情报资源的应用、提高效率的系统化整理法等内容。
|
|
461
|
0
|
@12001 @a经管学苑
|
|
606
|
0
|
@a工作@Agong zuo@x效率@j通俗读物
|
|
606
|
0
|
@a时间@Ashi jian@x管理@j通俗读物
|
|
690
|
|
@aC93@v4
|
|
701
|
0
|
@a颜远慎@Ayan yuan shen@4著
|
|
801
|
0
|
@aCN@bRULIN@c20060828
|
|
905
|
|
@dC93@e151
|
|
|
|
|
| |
| 爱上工作的8大法则/颜远慎著.-北京:大众文艺出版社,2003.09 |
| 268页;21cm.-(经管学苑) |
| |
| |
| ISBN 7-80171-327-3:CNY16.00 |
| 本书主要介绍工作方法和工效学,阐述了时间的运用、时间的管理、工作前的准备活动、情报资源的应用、提高效率的系统化整理法等内容。 |
| ● |
正题名:爱上工作的8大法则
索取号:C93/151
 
预约/预借
| 序号
|
登录号
|
条形码
|
馆藏地/架位号
|
状态
|
备注
|
|
1
|
364037
|
300364037
|
海科密-1楼/4架2列2层/
[索取号:C93/151]
|
在馆
|
|
|
2
|
364038
|
300364038
|
海科密-1楼/4架3列2层/
[索取号:C93/151]
|
在馆
|
|
|
3
|
364039
|
300364039
|
海科密-1楼/4架2列2层/
[索取号:C93/151]
|
在馆
|
|
|
4
|
364040
|
300364040
|
海科密-1楼/4架2列2层/
[索取号:C93/151]
|
在馆
|
|
|
5
|
364041
|
300364041
|
海科密-1楼/4架3列2层/
[索取号:C93/151]
|
在馆
|
|
|
6
|
364042
|
300364042
|
海科密-1楼/4架2列2层/
[索取号:C93/151]
|
在馆
|
|
|
7
|
364043
|
300364043
|
海科密-1楼/4架2列2层/
[索取号:C93/151]
|
在馆
|
|
|
8
|
364044
|
300364044
|
海科密-1楼/4架2列2层/
[索取号:C93/151]
|
在馆
|
|
|
9
|
364045
|
300364045
|
海科密-1楼/4架2列2层/
[索取号:C93/151]
|
在馆
|
|
|
10
|
364046
|
300364046
|
海科密-1楼/4架2列2层/
[索取号:C93/151]
|
在馆
|
|